| 000 | 00686nam a2200217Ia 4500 | ||
|---|---|---|---|
| 999 |
_c32269 _d32269 |
||
| 003 | GCL | ||
| 005 | 20240530102438.0 | ||
| 008 | 140319s9999 xx 000 0 ara d | ||
| 040 |
_aGCL / _cGCL |
||
| 082 | 0 | 4 |
_a301.01 _bص ع |
| 100 | 1 | _aصلاح مصطفى الفوال | |
| 245 | 1 | 0 |
_aعلم الاجتماع والعلوم الاجتماعية / _cصلاح مصطفى الفوال |
| 260 |
_a[S.N] : _bعالم الكتب الحديث ، _c1982 |
||
| 300 | _a284 ص | ||
| 490 |
_aسلسلة كتب علم الاجتماع _v0 |
||
| 650 | 0 | 4 | _aالقانون |
| 650 | 0 | 4 | _aالسياسة |
| 650 | 0 | 4 | _aالثقافة |
| 650 | 0 | 4 | _aالانثربولوجيا |
| 942 |
_2ddc _cBK |
||